000 00689nam a2200277Ia 4500
005 20260324113945.0
008 008 260324s9999 xx 000 0 eng d
020 _a9780429398971
037 _aEBOOK
040 _aCRL
040 _beng
040 _cCRL
041 _2eng
041 _aeng
084 _qCRL
100 _aKurt Dopfer; Richard R Nelson; Jason Potts; Andreas Pyka
_91148851
245 0 _aRoutledge Handbook of Evolutionary Economics
260 _bTaylor and Francis
260 _c2023
365 _a
365 _b360
856 _uhttp://www.taylorfrancis.com/books/9780429398971
942 _cEBOOK
999 _c1738780
_d1738780